[Event "Ruhrgebiet Verbandsklasse Gruppe 1 1516"]
[Site "Germany"]
[Date "2015.11.08"]
[Round "3.4"]
[White "Wiese, Thomas"]
[Black "Dudek, Peter"]
[Result "1/2-1/2"]
[WhiteElo "1805"]
[BlackElo "1761"]
[PlyCount "66"]
[EventDate "2015.09.06"]
[EventType "team-tourn"]
[EventRounds "9"]
[EventCountry "GER"]
[SourceTitle "EXT 2022"]
[Source "ChessBase"]
[SourceDate "2021.10.06"]
[SourceVersion "1"]
[SourceVersionDate "2021.10.06"]
[SourceQuality "1"]
[WhiteTeam "Kamen SV II"]
[BlackTeam "Bottrop SV II"]
[WhiteTeamCountry "GER"]
[BlackTeamCountry "GER"]

1. e4 c5 2. Nf3 Nc6 3. d4 cxd4 4. Nxd4 e6 5. Be3 Nf6 6. Nc3 Bb4 7. Nxc6 bxc6 8. a3 Bxc3+ 9. bxc3 Nxe4 10. Qg4 f5 11. Qxg7 Qf6 12. Qxf6 Nxf6 13. Bd4 Kf7 14. 0-0-0 Re8 15. f3 a5 16. Be5 d5 17. c4 Nd7 18. Bd6 Ba6 19. cxd5 cxd5 20. g4 Bxf1 21. Rhxf1 Ra6 22. Bg3 Rc6 23. gxf5 exf5 24. Rxd5 Nf6 25. Rd2 Re3 26. Kb2 Rcc3 27. Rdf2 Nd5 28. Rd1 Nb6 29. Bd6 Nc4+ 30. Kb1 Nxa3+ 31. Bxa3 Rxa3 32. Rd7+ Re7 33. Rd5 Kf6 1/2-1/2

[Event "Ruhrgebiet VK2 1213"]
[Site "Nordrheinwestfalen"]
[Date "2013.04.07"]
[Round "8.5"]
[White "Ziperstein, Jakob"]
[Black "Dudek, Peter"]
[Result "0-1"]
[WhiteElo "1854"]
[BlackElo "1820"]
[PlyCount "70"]
[EventDate "2012.09.02"]
[EventType "team-tourn"]
[EventRounds "9"]
[EventCountry "GER"]
[SourceTitle "EXT 2020"]
[Source "ChessBase"]
[SourceDate "2019.10.17"]
[SourceVersion "1"]
[SourceVersionDate "2019.10.17"]
[SourceQuality "1"]
[WhiteTeam "Dortmund FS 98 II"]
[BlackTeam "Bottrop SV II"]
[WhiteTeamCountry "GER"]
[BlackTeamCountry "GER"]

1. e4 c5 2. Nf3 Nc6 3. Nc3 e5 4. Bb5 d6 5. h3 Bd7 6. 0-0 Nf6 7. d3 Be7 8. Nh2 a6 9. Bxc6 bxc6 10. f4 exf4 11. Bxf4 0-0 12. e5 dxe5 13. Bxe5 Nd5 14. Ne4 Ne3 15. Qf3 Nxf1 16. Rxf1 f6 17. Bc3 Be6 18. Qf2 c4 19. d4 Bd5 20. Ng3 Ra7 21. a3 Bd6 22. Nf5 Bxh2+ 23. Kxh2 Re8 24. Bb4 Re6 25. Qg3 Rd7 26. Re1 Qc7 27. Nd6 Rexd6 28. Bxd6 Qxd6 29. Qxd6 Rxd6 30. Re8+ Kf7 31. Ra8 Re6 32. b3 c3 33. Rxa6 Re2 34. Kg3 Rxc2 35. Kf4 Re2 0-1

[Event "Ruhrgebiet VK2 1213"]
[Site "Nordrheinwestfalen"]
[Date "2012.09.02"]
[Round "1.5"]
[White "Dudek, Peter"]
[Black "Volling, Andreas"]
[Result "1/2-1/2"]
[WhiteElo "1820"]
[BlackElo "1877"]
[PlyCount "86"]
[EventDate "2012.09.02"]
[EventType "team-tourn"]
[EventRounds "9"]
[EventCountry "GER"]
[SourceTitle "EXT 2020"]
[Source "ChessBase"]
[SourceDate "2019.10.17"]
[SourceVersion "1"]
[SourceVersionDate "2019.10.17"]
[SourceQuality "1"]
[WhiteTeam "Bottrop SV II"]
[BlackTeam "Boenen SV"]
[WhiteTeamCountry "GER"]
[BlackTeamCountry "GER"]

1. d4 d5 2. Nf3 Nf6 3. c4 c6 4. cxd5 cxd5 5. Nc3 Nc6 6. Bf4 e6 7. e3 Qb6 8. Bd3 Qxb2 9. Nb5 Bb4+ 10. Kf1 Ne4 11. Nc7+ Ke7 12. Bxe4 dxe4 13. Ng5 Rd8 14. Qc1 Qxc1+ 15. Rxc1 h6 16. Nxe4 g5 17. Nxa8 gxf4 18. Nc7 a6 19. Nxa6 Ba3 20. Rc3 Bb2 21. Rc2 Ba3 22. Nac5 f5 23. Nc3 b6 24. Nb5 Bxc5 25. Ke2 Nb4 26. Rb2 Ba6 27. a4 Bd6 28. Rc1 Nd5 29. Rc4 Kd7 30. g3 fxg3 31. hxg3 Bxb5 32. axb5 Rc8 33. Rxc8 Kxc8 34. Rc2+ Kd7 35. f4 Bb4 36. Kf3 Nf6 37. Ra2 Ba5 38. Rh2 h5 39. Rh1 Kd6 40. Rh2 Kd5 41. Rc2 Ne4 42. Rh2 Nf6 43. Rc2 Ne4 1/2-1/2